000 01413nam a2200301 a 4500
003 BLK
005 20240611095045.0
008 180407b bul|||||r ||||||| ||bul||
010 _aKNG00031486000
020 _a9786190106852
040 _aBLK
041 _aBUL
_cBUL
080 _aПсихология
_b159.9
_x:2
_z159.9:2
080 _aИндивидуална психология. Психология на личността. Индивидуалност. Психология на характера. Характерология. Психологическа типология
_b159.923
_z159.923
100 _9442681
_aМаринова, Севда Александрова
_eпърви автор
139 _aМаринова, Севда Александрова
245 1 0 _aДепрограмиране от религиозни общества и култове
_cСевда Маринова
257 _aBGR
260 _aСофия
_bИзток-Запад
_c2020
_9210881
_n978-619-01- ; 978-619-152- ; 978-954-321- ; 954-8945-
300 _a48 с.
_bс диагр.
_c20 см
380 _a1
500 _aРез. на бълг. ез.
650 0 _9248079
_aРелигия - психология
650 0 _9243160
_aЛичност - психология
852 _aЦб 306633
_bЦб
942 _cKNG
_n0
_s1
944 _aCR
_c2021-03-04
_k30550
_lКети Илиева
999 _c399918
_d399918